| 000 -LEADER |
| fixed length control field |
00988nam a2200325 a 4500 |
| 001 - CONTROL NUMBER |
| control field |
bl2010003713 |
| 003 - CONTROL NUMBER IDENTIFIER |
| control field |
OSt |
| 005 - DATE AND TIME OF LATEST TRANSACTION |
| control field |
20190724104422.0 |
| 008 - FIXED-LENGTH DATA ELEMENTS--GENERAL INFORMATION |
| fixed length control field |
100209r20102009nyu j 000 1 eng d |
| 010 ## - LIBRARY OF CONGRESS CONTROL NUMBER |
| LC control number |
bl2010003713 |
| 020 ## - INTERNATIONAL STANDARD BOOK NUMBER |
| International Standard Book Number |
9780142415573 (pbk.) |
| 020 ## - INTERNATIONAL STANDARD BOOK NUMBER |
| International Standard Book Number |
014241557X (pbk.) |
| 040 ## - CATALOGING SOURCE |
| Original cataloging agency |
NjBwBT |
| Transcribing agency |
KH8 |
| 082 04 - DEWEY DECIMAL CLASSIFICATION NUMBER |
| Classification number |
FIC AND |
| Edition number |
22 |
| 091 ## - MICROFILM SHELF LOCATION (AM) [OBSOLETE] |
| Microfilm shelf location |
FIC |
| 100 1# - MAIN ENTRY--PERSONAL NAME |
| Personal name |
Anderson, Laurie Halse. |
| Relator term |
author |
| 245 10 - TITLE STATEMENT |
| Title |
Wintergirls / |
| Statement of responsibility, etc. |
Laurie Halse Anderson. |
| 246 3# - VARYING FORM OF TITLE |
| Title proper/short title |
Winter girls. |
| 260 ## - PUBLICATION, DISTRIBUTION, ETC. |
| Place of publication, distribution, etc. |
New York : |
| Name of publisher, distributor, etc. |
Speak, |
| Date of publication, distribution, etc. |
2010, c2009. |
| 300 ## - PHYSICAL DESCRIPTION |
| Extent |
278, 6 p. ; |
| Dimensions |
21 cm. |
| 500 ## - GENERAL NOTE |
| General note |
Originally published: New York : Viking, 2009. |
| 500 ## - GENERAL NOTE |
| General note |
Includes discussion questions. |
| 520 ## - SUMMARY, ETC. |
| Summary, etc. |
Eighteen-year-old Lia comes to terms with her best friend's death from anorexia as she struggles with the same disorder. |
| 650 #0 - SUBJECT ADDED ENTRY--TOPICAL TERM |
| Topical term or geographic name entry element |
Anorexia nervosa |
| Form subdivision |
Fiction. |
| 650 #0 - SUBJECT ADDED ENTRY--TOPICAL TERM |
| Topical term or geographic name entry element |
Death |
| Form subdivision |
Fiction. |
| 901 ## - LOCAL DATA ELEMENT A, LDA (RLIN) |
| a |
BTCLS |
| 908 14 - PUT COMMAND PARAMETER (RLIN) |
| Put command parameter |
PZ7.A54385 |
| 942 ## - ADDED ENTRY ELEMENTS (KOHA) |
| Source of classification or shelving scheme |
|
| Koha item type |
Books - Fiction |
| 945 ## - LOCAL PROCESSING INFORMATION (OCLC) |
| a |
.o13576483 |